<?xml version="1.0" encoding="UTF-8"?>
<record
    xmlns:xsi="http://www.w3.org/2001/XMLSchema-instance"
    xsi:schemaLocation="http://www.loc.gov/MARC21/slim http://www.loc.gov/standards/marcxml/schema/MARC21slim.xsd"
    xmlns="http://www.loc.gov/MARC21/slim">

  <leader>01274nam a22003137a 4500</leader>
  <controlfield tag="001">BRCA_9331</controlfield>
  <controlfield tag="003">FranzMayer</controlfield>
  <controlfield tag="005">20230918120617.0</controlfield>
  <controlfield tag="008">230825b        |||||||| |||| 00| 0 eng d</controlfield>
  <datafield tag="020" ind1=" " ind2=" ">
    <subfield code="a">9529878281</subfield>
  </datafield>
  <datafield tag="040" ind1=" " ind2=" ">
    <subfield code="a">MFM</subfield>
    <subfield code="b">espa&#xF1;ol</subfield>
    <subfield code="c">mfm</subfield>
  </datafield>
  <datafield tag="050" ind1=" " ind2="0">
    <subfield code="a">NK5198.S2</subfield>
    <subfield code="b">.T56 2000</subfield>
  </datafield>
  <datafield tag="110" ind1="1" ind2=" ">
    <subfield code="4">Responsable</subfield>
    <subfield code="a">Design Museum, Helsinki</subfield>
    <subfield code="9">29155</subfield>
  </datafield>
  <datafield tag="240" ind1=" " ind2=" ">
    <subfield code="a">Timo Sarpaneva Kokoelma Collection</subfield>
    <subfield code="l">Fines/Ingl&#xE9;s</subfield>
  </datafield>
  <datafield tag="245" ind1="0" ind2=" ">
    <subfield code="a">Timo Sarpaneva Kokoelma Collection</subfield>
  </datafield>
  <datafield tag="260" ind1=" " ind2=" ">
    <subfield code="a">Helsinki, Finlandia </subfield>
    <subfield code="b">Designmuseo Helsinki</subfield>
    <subfield code="c">2000</subfield>
  </datafield>
  <datafield tag="300" ind1=" " ind2=" ">
    <subfield code="a">126 p</subfield>
    <subfield code="b">Ilustraciones a color</subfield>
    <subfield code="c">26 cm</subfield>
  </datafield>
  <datafield tag="500" ind1=" " ind2=" ">
    <subfield code="a">Anexo 1</subfield>
  </datafield>
  <datafield tag="505" ind1=" " ind2=" ">
    <subfield code="a">Texto en: fines e ingl&#xE9;sIncluye &#xED;ndice tem&#xE1;ticoIncluye bibliograf&#xED;a p 115Dirigido a: artistas, artesanos, muse&#xF3;grafos o personas con inter&#xE9;s en la historia del arte y museos.</subfield>
  </datafield>
  <datafield tag="650" ind1="1" ind2=" ">
    <subfield code="2">Sarpaneva Timo 1926</subfield>
    <subfield code="a">Cat&#xE1;logos</subfield>
    <subfield code="v">Producci&#xF3;n art&#xED;stica</subfield>
    <subfield code="9">29156</subfield>
  </datafield>
  <datafield tag="651" ind1="2" ind2=" ">
    <subfield code="2">Design museo (Helsinki, Finlandia)</subfield>
    <subfield code="a">Cat&#xE1;logos</subfield>
    <subfield code="v">Colecciones de dise&#xF1;o</subfield>
    <subfield code="9">29157</subfield>
  </datafield>
  <datafield tag="700" ind1="1" ind2=" ">
    <subfield code="4">Edic.</subfield>
    <subfield code="a">Aav, Marianne</subfield>
    <subfield code="9">29158</subfield>
  </datafield>
  <datafield tag="700" ind1="1" ind2=" ">
    <subfield code="4">Edic.</subfield>
    <subfield code="a">Br&#xE4;nnback, Ebba</subfield>
    <subfield code="9">29159</subfield>
  </datafield>
  <datafield tag="700" ind1="1" ind2=" ">
    <subfield code="4">Edic.</subfield>
    <subfield code="a">Viljanen, Eeva</subfield>
    <subfield code="9">29160</subfield>
  </datafield>
  <datafield tag="700" ind1="1" ind2=" ">
    <subfield code="4">Fot.</subfield>
    <subfield code="a">Tr&#xE4;skelin, Ruano</subfield>
    <subfield code="9">29161</subfield>
  </datafield>
  <datafield tag="700" ind1="1" ind2=" ">
    <subfield code="4">Trad.</subfield>
    <subfield code="a">Kokkonen, Jyri</subfield>
    <subfield code="9">29162</subfield>
  </datafield>
  <datafield tag="700" ind1="1" ind2=" ">
    <subfield code="4">Org.</subfield>
    <subfield code="a">Rintam&#xE4;ki, Arja</subfield>
    <subfield code="9">29163</subfield>
  </datafield>
  <datafield tag="942" ind1=" " ind2=" ">
    <subfield code="2">lcc</subfield>
    <subfield code="c">B</subfield>
  </datafield>
  <datafield tag="999" ind1=" " ind2=" ">
    <subfield code="c">10953</subfield>
    <subfield code="d">10953</subfield>
  </datafield>
  <datafield tag="952" ind1=" " ind2=" ">
    <subfield code="0">0</subfield>
    <subfield code="1">0</subfield>
    <subfield code="2">lcc</subfield>
    <subfield code="4">0</subfield>
    <subfield code="7">0</subfield>
    <subfield code="8">FCON</subfield>
    <subfield code="a">BRCA</subfield>
    <subfield code="b">BRCA</subfield>
    <subfield code="d">2023-08-25</subfield>
    <subfield code="l">0</subfield>
    <subfield code="o">NK5198.S2 .T56 2000</subfield>
    <subfield code="p">CONT10087</subfield>
    <subfield code="r">2023-08-25 00:00:00</subfield>
    <subfield code="w">2023-08-25</subfield>
    <subfield code="y">B</subfield>
  </datafield>
</record>
